| 000 | 00434nam a22001577a 4500 | ||
|---|---|---|---|
| 008 | 230509b |||||||| |||| 00| 0 eng d | ||
| 040 |
_aNational Science Library _cNational Science Library |
||
| 080 |
_aR 058 _bN3 |
||
| 245 | _aManorama yearbook 1993 | ||
| 260 |
_aKottayam: _bMalayala Manorama, _c1993 |
||
| 300 | _a782p. | ||
| 365 |
_b40.00 _cINR |
||
| 490 | _a28th year of publication | ||
| 650 | _aYearbook | ||
| 942 |
_2udc _cYBK |
||
| 999 |
_c27867 _d27867 |
||